Quick Pick: Begins With 'Fe' by 3 Synonyms Quiz Stats

 Plays Quiz Updated Aug 16, 2019

Score 0/15 Timer 01:30
0 Plays Today
% Correct
fence
93.4%
fee
93%
feud
92.6%
federal
92.2%
feast
91.9%
fear
91.5%
feature
90.9%
fetch
90.7%
% Correct
feat
90.6%
feather
86.8%
fend
86.8%
festivity
83.9%
fecal
83.7%
feel
83.1%
fetter
80.6%

Today's Daily Dose

Missing Word
Banned Books (A-Z)

Word Ladder
Janis Joplin

Get the Picture
Occupations

You're not logged in!

Compare scores with friends on all Sporcle quizzes.
OR
Log In

Sporcle TV

Today on Sporcle TV


Watch our educational content, quiz creation guides, and fun videos on Sporcle TV.

Show Comments

Extras

Top Quizzes Today


Score Distribution

Your Account Isn't Verified!

In order to create a playlist on Sporcle, you need to verify the email address you used during registration. Go to your Sporcle Settings to finish the process.

Report this User

Report this user for behavior that violates our Community Guidelines.

Details: